000 00304nam a22001217a 4500
999 _c6060
_d6060
245 _aBills of Exchange Act, 1961 (Act 55)
_cby Republic of Ghana
246 _aAct 55
260 _aAccra
_bAssembly Press
300 _a45p.
440 _aActs of Parliament
650 _aBills and Exchange Act
942 _cREF